Statistics for FIFA World cup: countries with worst goal difference

Click here to take the quiz!

General Stats

  • This quiz has been taken 40 times
  • The average score is 6 of 15

Answer Stats

HintAnswer% Correct
-25USA
74%
-15Australia
71%
-23Saudi Arabia
69%
-15Iran
57%
-36South Korea
54%
-35Mexico
49%
-15North Korea
49%
-25Cameroon
34%
-16Scotland
31%
-31Bulgaria
29%
-15Greece
29%
-14Switzerland
29%
-21El Salvador
26%
-19Bolivia
20%
-14Belgium
17%

Score Distribution

Percentile by Number Answered

Percent of People with Each Score

Your Score History

You have not taken this quiz